Study of extension of time (EOT) cases in construction industry of Pakistan / (Record no. 534772)

000 -LEADER
fixed length control field 00554nam a22001577a 4500
020 ## - INTERNATIONAL STANDARD BOOK NUMBER
Qualifying information Hard Cover.
082 ## - DEWEY DECIMAL CLASSIFICATION NUMBER
Classification number 624.1
100 ## - MAIN ENTRY--PERSONAL NAME
Personal name Shabbar, Syed Haroon
245 ## - TITLE STATEMENT
Title Study of extension of time (EOT) cases in construction industry of Pakistan /
Statement of responsibility, etc. Syed Haroon Shabbar.
260 ## - PUBLICATION, DISTRIBUTION, ETC.
Place of publication, distribution, etc. Islamabad:
Name of publisher, distributor, etc. SCEE - NUST,
Date of publication, distribution, etc. 2015.
300 ## - PHYSICAL DESCRIPTION
Extent 66 p. :
Other physical details ill. ;
Dimensions 30cm.
942 ## - ADDED ENTRY ELEMENTS (KOHA)
Source of classification or shelving scheme
Koha item type Thesis
650 ## - SUBJECT ADDED ENTRY--TOPICAL TERM
Topical term or geographic name entry element Construction Engineering and Management MS-Thesis.
700 ## - ADDED ENTRY--PERSONAL NAME
Personal name Dr. Hamza Farooq Gabriel
650 ## - SUBJECT ADDED ENTRY--TOPICAL TERM
-- 17023
700 ## - ADDED ENTRY--PERSONAL NAME
-- 27413
Holdings
Withdrawn status Lost status Source of classification or shelving scheme Damaged status Not for loan Permanent Location Current Location Shelving location Date acquired Total Checkouts Full call number Barcode Date last seen Price effective from Koha item type
          Central Library (CL) Central Library (CL) Thesis 06/08/2020   624.1 CL-T-5697 06/08/2020 06/08/2020 Thesis
© 2023 Central Library, National University of Sciences and Technology. All Rights Reserved.